000 00590nam a2200217Ia 4500
003 OSt
005 20220926044337.0
006 a|||||r|||| 00| 0
007 ta
008 220923b |||||||| |||| 00| 0 eng d
037 _cGeneral Book
040 _aRTL
_cRTL
_beng
041 _2eng
_aeng
082 _aV73:231, J3
100 _aHarris Joseph P
245 0 _aAdvice and consent of the senate
_b A study of the
260 _c1953
650 _aConstitution United States
_9240337
942 _hV73:231, J3
_cGB
_2CC
999 _c674607
_d674607